Nhật kí Chu Cẩm Phong

Phải chuyển số PL về 895.9228

保存先:
書誌詳細
第一著者: Chu Cẩm Phong
フォーマット: 図書
言語:Undetermined
出版事項: Hà Nội Thanh Niên 2000
主題:
タグ: タグ追加
タグなし, このレコードへの初めてのタグを付けませんか!
Thư viện lưu trữ: Trung tâm Học liệu Trường Đại học Cần Thơ
LEADER 00574nam a2200181Ia 4500
001 CTU_39535
008 210402s9999 xx 000 0 und d
082 |a 895.9223 
082 |b Ph431n 
100 |a Chu Cẩm Phong 
245 0 |a Nhật kí Chu Cẩm Phong 
245 0 |c Chu Cẩm Phong 
260 |a Hà Nội 
260 |b Thanh Niên 
260 |c 2000 
520 |a Phải chuyển số PL về 895.9228 
650 |a vietnamese fiction - 20th century,vietnamese literature - 20th century 
980 |a Trung tâm Học liệu Trường Đại học Cần Thơ